[Event "60. BEM 2006"]
[Site "Dortmund"]
[Date "2006.03.23"]
[Round "9.5"]
[White "Büchle, Manfred"]
[Black "Mrozinski, Werner"]
[Result "1/2-1/2"]
[WhiteElo "1908"]
[BlackElo "1899"]
[PlyCount "101"]
[EventDate "2006.??.??"]
[Source "SG Dortmund"]
[SourceDate "2004.12.16"]

1. e4 d5 2. exd5 Nf6 3. Nc3 Nxd5 4. Nxd5 Qxd5 5. Nf3 Bg4 6. Be2 g6 7. d4 Bg7 8.
c3 O-O 9. O-O c5 10. h3 Bd7 11. dxc5 Qxc5 12. Be3 Qc7 13. Qc1 Rd8 14. Re1 e5
15. Bh6 Bh8 16. Qe3 f6 17. Rad1 Na6 18. Bxa6 bxa6 19. Qe4 Be6 20. Qa4 Qb7 21.
b3 Bg7 22. Bxg7 Kxg7 23. Rxd8 Rxd8 24. Qe4 Bd5 25. Qe3 Re8 26. c4 Bc6 27. Rd1
Re7 28. Ne1 f5 29. Rd6 f4 30. Qc5 Be4 31. f3 Bf5 32. Qd5 Qb4 33. Qd2 Qc5+ 34.
Kh2 g5 35. Rd5 Qc7 36. Kh1 Be6 37. Rd6 Bc8 38. Rd5 Bb7 39. Rd6 Kf7 40. Rh6 Ke8
41. Rd6 e4 42. fxe4 Rxe4 43. Nf3 Qe7 44. c5 g4 45. Qc3 gxf3 46. Qh8+ Kf7 47.
Qxh7+ Kf8 48. Qh8+ Kf7 49. Qh5+ Kf8 50. Qh6+ Ke8 51. Qh8+ 1/2-1/2

[Event "60. BEM 2006"]
[Site "Dortmund"]
[Date "2006.03.23"]
[Round "9.7"]
[White "Borjini, Mohamed"]
[Black "Rzoczek, Christoph"]
[Result "1-0"]
[WhiteElo "1979"]
[BlackElo "1577"]
[PlyCount "75"]
[EventDate "2006.??.??"]
[Source "SG Dortmund"]
[SourceDate "2004.12.16"]

1. d4 Nf6 2. c4 c6 3. Nc3 d5 4. Nf3 Nbd7 5. e3 e6 6. Bd3 Bd6 7. O-O O-O 8. e4
dxe4 9. Nxe4 Nxe4 10. Bxe4 h6 11. b3 Qc7 12. Bb2 f5 13. Bc2 e5 14. c5 Be7 15.
dxe5 Nxc5 16. b4 Ne4 17. Bb3+ Kh7 18. Re1 Qb6 19. Bd4 c5 20. bxc5 Bxc5 21. Bxc5
Qxc5 22. Qd4 Qe7 23. Rad1 Be6 24. Bc2 Rfd8 25. Qe3 Bxa2 26. Bxe4 fxe4 27. Qxe4+
Kg8 28. Nd4 Bd5 29. Qg6 Bf7 30. Qg4 Qb4 31. e6 Be8 32. e7 Rd6 33. Qf4 Rf6 34.
Qc7 Rd6 35. Nf5 Rd7 36. Qe5 Qg4 37. Qe6+ Kh8 38. Rxd7 1-0

[Event "60. BEM 2006"]
[Site "Dortmund"]
[Date "2006.03.23"]
[Round "9.9"]
[White "Kolodziej, Dennis"]
[Black "Gorzinski, Dariusz"]
[Result "1/2-1/2"]
[WhiteElo "1727"]
[BlackElo "1830"]
[PlyCount "79"]
[EventDate "2006.??.??"]
[Source "SG Dortmund"]
[SourceDate "2004.12.16"]

1. d4 f5 2. Bg5 g6 3. Nf3 Bg7 4. c3 b6 5. Qc2 Bb7 6. Nbd2 Nf6 7. e3 Ne4 8. Bc4
Nxg5 9. Nxg5 e6 10. Ndf3 h6 11. Nh3 g5 12. d5 g4 13. dxe6 Be4 14. Bd3 Bxd3 15.
Qxd3 gxh3 16. Qxf5 Qf6 17. Qe4 c6 18. exd7+ Kxd7 19. O-O-O+ Kc7 20. Nd4 Kb7 21.
Nf5 Bf8 22. gxh3 a5 23. a4 Bc5 24. Rhg1 Ra7 25. h4 Rf8 26. Rg7+ Ka8 27. Rxa7+
Kxa7 28. Nd4 Qxf2 29. Nxc6+ Nxc6 30. Rd7+ Kb8 31. Qxc6 Qxe3+ 32. Kb1 Qg1+ 33.
Ka2 Qg8+ 34. Kb1 Rf1+ 35. Kc2 Rf2+ 36. Kd3 Qc8 37. Qd5 Rf8 38. Qe5+ Ka8 39.
Qd5+ Kb8 40. Qe5+ 1/2-1/2

[Event "60. BEM 2006"]
[Site "Dortmund"]
[Date "2006.03.23"]
[Round "9.11"]
[White "Klein, Hans-Joachim"]
[Black "Raskin, Vitali"]
[Result "0-1"]
[WhiteElo "1781"]
[BlackElo "1663"]
[PlyCount "96"]
[EventDate "2006.??.??"]
[Source "SG Dortmund"]
[SourceDate "2004.12.16"]

1. d4 d5 2. Bf4 e6 3. e3 Nf6 4. c4 dxc4 5. Bxc4 Bd6 6. Bg5 O-O 7. Nf3 h6 8. Bh4
Be7 9. Nc3 Nbd7 10. O-O a6 11. a3 b5 12. Bb3 Bb7 13. Bc2 c5 14. Qd3 c4 15. Qe2
Re8 16. Rad1 Nd5 17. Bg3 Nxc3 18. bxc3 Bxa3 19. Ne5 Nf6 20. Rb1 Qe7 21. f4 Ne4
22. Be1 Bd6 23. Qg4 f5 24. Qh3 Bxe5 25. dxe5 Qa3 26. g4 Nxc3 27. Bxc3 Qxc3 28.
Rfc1 fxg4 29. Qg3 Qd2 30. Bg6 Re7 31. Rd1 Qe2 32. Rf1 Rd8 33. Rbe1 Qb2 34. Qxg4
Rd2 35. e4 Qd4+ 36. Kh1 c3 37. f5 Qxe5 38. Qh4 Qf6 39. Qg3 Rd8 40. fxe6 Qxe6
41. Bf5 Qc4 42. Qg6 Bxe4+ 43. Bxe4 Rxe4 44. Qxe4 Qxe4+ 45. Rxe4 c2 46. Rc1 Rd1+
47. Re1 Rxe1+ 48. Rxe1 b4 0-1

[Event "60. BEM 2006"]
[Site "Dortmund"]
[Date "2006.03.23"]
[Round "9.13"]
[White "Werner, Patrick"]
[Black "Hoppe, Dirk"]
[Result "0-1"]
[WhiteElo "1691"]
[BlackElo "1861"]
[PlyCount "50"]
[EventDate "2006.??.??"]
[Source "SG Dortmund"]
[SourceDate "2004.12.16"]

1. Nf3 d5 2. g3 Nf6 3. Bg2 g6 4. O-O Bg7 5. d3 O-O 6. Re1 c5 7. h3 Nc6 8. Nbd2
b6 9. c3 Bb7 10. e4 dxe4 11. dxe4 Qc7 12. e5 Nd7 13. e6 fxe6 14. Ng5 Nd8 15.
Ndf3 e5 16. Qc2 Qc6 17. Nh4 Qf6 18. Be3 Bxg2 19. Kxg2 Qc6+ 20. Kg1 Nf7 21. Rad1
Nxg5 22. Bxg5 Rf7 23. Re2 Raf8 24. Red2 Nf6 25. Bxf6 Bxf6 0-1

[Event "60. BEM 2006"]
[Site "Dortmund"]
[Date "2006.03.23"]
[Round "9.14"]
[White "Sonntag, Joachim"]
[Black "Ziperstein, Jakob"]
[Result "1-0"]
[WhiteElo "1787"]
[BlackElo "1838"]
[PlyCount "111"]
[EventDate "2006.??.??"]
[Source "SG Dortmund"]
[SourceDate "2004.12.16"]

1. e4 g6 2. Nf3 Bg7 3. d4 d6 4. c3 Nf6 5. Bd3 O-O 6. O-O Nbd7 7. Bg5 h6 8. Be3
Ng4 9. Qd2 e5 10. h3 Nxe3 11. Qxe3 c5 12. dxc5 dxc5 13. Nbd2 Qe7 14. Bc4 Nb6
15. Bb3 Bd7 16. a4 Rad8 17. a5 Na8 18. Bd5 Kh7 19. Nb3 b6 20. Rfd1 Nc7 21. c4
Be6 22. axb6 axb6 23. Nh2 h5 24. Nc1 f5 25. f3 fxe4 26. fxe4 Bh6 27. Qe2 Rf7
28. Nf3 Qf6 29. Rf1 Rdf8 30. Nd3 Nxd5 31. cxd5 Bg4 32. hxg4 hxg4 33. Nh2 Bf4
34. Nxg4 Qh4 35. Nxf4 Rxf4 36. Rxf4 Rxf4 37. Ra7+ Kg8 38. Ra8+ Kg7 39. Ra7+ Kg8
40. Nf2 Qh6 41. Qe3 g5 42. Qh3 Qg6 43. Qe6+ Qxe6 44. dxe6 Kf8 45. Rb7 Ke8 46.
Kf1 g4 47. Rf7 c4 48. Rxf4 exf4 49. Nxg4 Ke7 50. Ne5 b5 51. Nf3 b4 52. Ke2 Kxe6
53. Nd2 c3 54. bxc3 bxc3 55. Nc4 f3+ 56. gxf3 1-0

[Event "60. BEM 2006"]
[Site "Dortmund"]
[Date "2006.03.23"]
[Round "9.15"]
[White "Gielisch, Eckhart"]
[Black "Schultz, Bernfried"]
[Result "1/2-1/2"]
[WhiteElo "1807"]
[BlackElo "1716"]
[PlyCount "65"]
[EventDate "2006.??.??"]
[Source "SG Dortmund"]
[SourceDate "2004.12.16"]

1. d4 Nf6 2. c4 e6 3. Nf3 c5 4. d5 d6 5. Nc3 exd5 6. cxd5 g6 7. e4 Bg7 8. Bf4
O-O 9. Bd3 Nh5 10. Bd2 Nd7 11. O-O Ne5 12. Nxe5 Bxe5 13. f4 Bd4+ 14. Kh1 Qh4
15. Be1 Qf6 16. Qf3 a6 17. g4 Ng7 18. Qh3 Qd8 19. a4 f5 20. exf5 gxf5 21. g5
Qe8 22. Bd2 Qf7 23. Qf3 b6 24. Ne2 Bb7 25. Bc4 Ne6 26. Bc3 Bxc3 27. Nxc3 Nd4
28. Qf2 Rae8 29. Rae1 Rxe1 30. Rxe1 Re8 31. Kg2 Rxe1 32. Qxe1 b5 33. axb5
1/2-1/2

[Event "60. BEM 2006"]
[Site "Dortmund"]
[Date "2006.03.23"]
[Round "9.16"]
[White "Volmer, Martin"]
[Black "Noori, Mir Ahmad"]
[Result "0-1"]
[WhiteElo "1704"]
[BlackElo "1639"]
[PlyCount "98"]
[EventDate "2006.??.??"]
[Source "SG Dortmund"]
[SourceDate "2004.12.16"]

1. d4 g6 2. c4 Bg7 3. Nc3 e6 4. e4 d6 5. Be3 a6 6. Be2 Nd7 7. Qd2 e5 8. f4 Ne7
9. Nf3 exf4 10. Bxf4 O-O 11. Bh6 Nf6 12. Bxg7 Kxg7 13. O-O Bg4 14. Qf4 Bxf3 15.
Bxf3 Nfg8 16. Rad1 Rb8 17. a4 f5 18. e5 h6 19. h4 Nc6 20. exd6 Qxd6 21. Qxd6
cxd6 22. Nd5 Nf6 23. Nb6 Rf7 24. Rfe1 Rd8 25. Nd5 Rdd7 26. b4 Nxd5 27. Bxd5
Rfe7 28. Rxe7+ Rxe7 29. b5 Nb4 30. Bf3 a5 31. Kf2 b6 32. Rd2 Kf6 33. g3 g5 34.
hxg5+ hxg5 35. g4 f4 36. Bg2 Re3 37. c5 dxc5 38. dxc5 Nd3+ 39. Rxd3 Rxd3 40.
cxb6 Ke5 41. b7 Rd8 42. Bc6 Kd6 43. Kf3 Kc7 44. Ke4 Rf8 45. Kf3 Rf6 46. Kf2 Rd6
47. Ke2 Kb8 48. Kf3 Rd4 49. b6 Rb4 0-1

[Event "60. BEM 2006"]
[Site "Dortmund"]
[Date "2006.03.23"]
[Round "9.17"]
[White "Rölz, Marcus"]
[Black "Ziemek, Gerhard"]
[Result "1-0"]
[WhiteElo "1674"]
[BlackElo "1591"]
[PlyCount "89"]
[EventDate "2006.??.??"]
[Source "SG Dortmund"]
[SourceDate "2004.12.16"]

1. d4 Nf6 2. Bf4 d5 3. Nf3 e6 4. e3 Be7 5. Nbd2 c5 6. Be2 O-O 7. O-O Nc6 8. c3
a6 9. Rc1 Nh5 10. Be5 f6 11. Bg3 Nxg3 12. fxg3 e5 13. Kh1 b5 14. a4 bxa4 15.
Qxa4 Bd7 16. Qa2 c4 17. e4 dxe4 18. Bxc4+ Kh8 19. Nxe4 Bf5 20. Nfd2 Bxe4 21.
Nxe4 exd4 22. Bd5 Qb6 23. Qa4 Rac8 24. cxd4 Nxd4 25. Rxc8 Rxc8 26. Re1 Rd8 27.
Ng5 fxg5 28. Rxe7 Nb5 29. Qe4 Qb8 30. h3 Rf8 31. Kh2 Nd6 32. Qe5 Nf5 33. Re6
Qxe5 34. Rxe5 g6 35. Bc4 Rf6 36. g4 Nd4 37. b3 Rb6 38. Re3 Rf6 39. Re4 Rb6 40.
Rxd4 h5 41. gxh5 gxh5 42. Rd5 Rg6 43. Rd8+ Kg7 44. Rg8+ Kf6 45. Rxg6+ 1-0

[Event "60. BEM 2006"]
[Site "Dortmund"]
[Date "2006.03.23"]
[Round "9.18"]
[White "Stiebel, Erhard"]
[Black "Duschek, Günter"]
[Result "0-1"]
[WhiteElo "1548"]
[BlackElo "1674"]
[PlyCount "56"]
[EventDate "2006.??.??"]
[Source "SG Dortmund"]
[SourceDate "2004.12.16"]

1. d4 d5 2. Nf3 Nf6 3. e3 Bf5 4. Bd3 Bxd3 5. Qxd3 c6 6. O-O e6 7. Nbd2 Be7 8.
Ne5 Nbd7 9. f4 g6 10. Ndf3 Ne4 11. c4 f6 12. cxd5 fxe5 13. Qxe4 exd5 14. Qc2 e4
15. Ne5 Rf8 16. Bd2 Qb6 17. a3 h5 18. Bc3 Nxe5 19. fxe5 Kd7 20. Qd2 h4 21. Qe2
c5 22. Rad1 Rxf1+ 23. Rxf1 Rf8 24. Rd1 c4 25. Qg4+ Kc7 26. Qh3 Qb3 27. Re1 Qc2
28. Qe6 Qf2+ 0-1

[Event "60. BEM 2006"]
[Site "Dortmund"]
[Date "2006.03.23"]
[Round "9.19"]
[White "Sennholz, Michael"]
[Black "Clausen, Dirk"]
[Result "0-1"]
[WhiteElo "1674"]
[BlackElo "1287"]
[PlyCount "80"]
[EventDate "2006.??.??"]
[Source "SG Dortmund"]
[SourceDate "2004.12.16"]

1. e4 c5 2. Nf3 Nc6 3. d4 cxd4 4. Nxd4 e5 5. Nb5 Qa5+ 6. N1c3 Nf6 7. f3 Qd8 8.
Nd6+ Bxd6 9. Qxd6 Qe7 10. Nb5 O-O 11. Qxe7 Nxe7 12. Be3 b6 13. O-O-O Rd8 14.
Nd6 h6 15. Bc4 Rf8 16. g4 Ne8 17. g5 hxg5 18. Bxg5 Nxd6 19. Rxd6 Nc6 20. Rg1
Kh7 21. Rg3 Nd4 22. Rh3+ Kg8 23. Rg3 Kh7 24. Rd5 f6 25. Be3 Ne6 26. Rd6 Rb8 27.
Rh3+ Kg6 28. Rh4 Rb7 29. Rd1 Rc7 30. Bb3 Ba6 31. Rg1+ Kf7 32. Rh7 Bc4 33. Bxc4
Rxc4 34. h4 Rg8 35. h5 Rcc8 36. Rd1 Rcd8 37. a4 Nf8 38. Rxg7+ Rxg7 39. h6 Rh7
40. a5 bxa5 0-1

[Event "60. BEM 2006"]
[Site "Dortmund"]
[Date "2006.03.23"]
[Round "9.21"]
[White "Skoecz, Horst"]
[Black "Orlowski, Wilfried"]
[Result "0-1"]
[WhiteElo "1456"]
[BlackElo "1590"]
[PlyCount "106"]
[EventDate "2006.??.??"]
[Source "SG Dortmund"]
[SourceDate "2004.12.16"]

1. e4 c5 2. Nf3 d6 3. d4 cxd4 4. Nxd4 Nf6 5. Nc3 a6 6. Bg5 e6 7. Bxf6 Qxf6 8.
Nf3 Nc6 9. a3 b5 10. Bd3 Bb7 11. O-O Qd8 12. b4 Be7 13. Ne2 O-O 14. c3 Bf6 15.
Qc2 h6 16. Ng3 Ne5 17. Nxe5 Bxe5 18. f4 Bf6 19. Nh5 Rc8 20. Nxf6+ Qxf6 21. Rac1
Rc7 22. e5 dxe5 23. fxe5 Qxe5 24. Rfe1 Qg5 25. Be4 Rfc8 26. Qd3 Bxe4 27. Qxe4
Rxc3 28. Rxc3 Rxc3 29. Qa8+ Kh7 30. Qe4+ Qg6 31. Qxg6+ Kxg6 32. Ra1 Rb3 33. g3
f5 34. Ra2 e5 35. Kf2 e4 36. h3 Kf6 37. a4 Rxb4 38. axb5 axb5 39. h4 Rb3 40.
Ra6+ Ke5 41. Rg6 Kd4 42. Rd6+ Ke5 43. Rg6 Rf3+ 44. Ke2 b4 45. Rxg7 b3 46. g4 f4
47. Re7+ Kd6 48. Rxe4 Re3+ 49. Rxe3 fxe3 50. Kxe3 b2 51. Kf4 b1=Q 52. h5 Qc1+
53. Kg3 Qg5 0-1

[Event "60. BEM 2006"]
[Site "Dortmund"]
[Date "2006.03.23"]
[Round "9.22"]
[White "Hardt, Helmut"]
[Black "Schrimpl, Michael"]
[Result "0-1"]
[WhiteElo "1861"]
[BlackElo "1497"]
[PlyCount "104"]
[EventDate "2006.??.??"]
[Source "SG Dortmund"]
[SourceDate "2004.12.16"]

1. e4 c6 2. d4 d5 3. exd5 cxd5 4. Bd3 Nf6 5. Nf3 Bg4 6. O-O Nc6 7. c3 a6 8. Re1
e6 9. Bg5 Be7 10. Nbd2 O-O 11. Nf1 Nd7 12. Bxe7 Qxe7 13. Ng3 Qf6 14. Re3 h5 15.
h3 Bxf3 16. Rxf3 Qg5 17. Qc2 h4 18. Nf1 Nf6 19. Re1 Nh5 20. Kh2 Nf4 21. g3 Nxd3
22. Qxd3 hxg3+ 23. fxg3 g6 24. h4 Qe7 25. Qd2 Kg7 26. Ne3 Rh8 27. Ref1 Raf8 28.
Rf6 Qc7 29. Kh3 Ne7 30. Ng4 Rh5 31. Ne5 Nf5 32. R6xf5 Rxf5 33. Rxf5 exf5 34. b3
f6 35. Nd3 Qe7 36. c4 dxc4 37. bxc4 Re8 38. Nf4 Qe4 39. Qd1 Qe1 40. Qxe1 Rxe1
41. d5 Kf7 42. d6 b6 43. Nd5 Ke6 44. Nf4+ Kxd6 45. Nxg6 Rc1 46. Nf4 Rxc4 47. h5
Rc1 48. Kh4 Ke7 49. g4 fxg4 50. Kxg4 Rc5 51. h6 Kf7 52. Kf3 Kg8 0-1

[Event "60. BEM 2006"]
[Site "Dortmund"]
[Date "2006.03.23"]
[Round "9.23"]
[White "Mueller, Siegfried"]
[Black "Grawe, Herbert"]
[Result "1-0"]
[WhiteElo "1555"]
[BlackElo "1477"]
[PlyCount "95"]
[EventDate "2006.??.??"]
[Source "SG Dortmund"]
[SourceDate "2004.12.16"]

1. d4 Nc6 2. d5 Ne5 3. Bf4 Ng6 4. Bg3 Nf6 5. c4 e5 6. dxe6 fxe6 7. a3 Ne4 8.
Qd3 Nxg3 9. Qxg3 Bc5 10. e3 O-O 11. Nf3 d6 12. Bd3 e5 13. b4 Bb6 14. Nc3 c6 15.
Rd1 Bf5 16. Bxf5 Rxf5 17. c5 d5 18. cxb6 Qxb6 19. O-O Raf8 20. Nh4 Nxh4 21.
Qxh4 Qc7 22. Ne2 Qf7 23. Ng3 Rxf2 24. Qg5 h5 25. Qxh5 Qf6 26. Qg4 d4 27. exd4
exd4 28. Qxd4 Rxf1+ 29. Nxf1 Qf7 30. Qxa7 Qa2 31. Qe3 Qf7 32. Re1 Kh8 33. Qh3+
Kg8 34. Qe6 Qxe6 35. Rxe6 Kf7 36. Re3 Rc8 37. Ng3 b6 38. Nf5 Rc7 39. Re7+ Rxe7
40. Nxe7 Kxe7 41. Kf2 Kd6 42. Ke3 Kd5 43. Kd3 g5 44. a4 c5 45. bxc5 Kxc5 46.
Kc3 b5 47. axb5 Kxb5 48. Kd4 1-0

[Event "60. BEM 2006"]
[Site "Dortmund"]
[Date "2006.03.23"]
[Round "9.24"]
[White "Benke, Werner"]
[Black "Baier, Jörg"]
[Result "1/2-1/2"]
[WhiteElo "1552"]
[BlackElo "1388"]
[PlyCount "76"]
[EventDate "2006.??.??"]
[Source "SG Dortmund"]
[SourceDate "2004.12.16"]

1. e4 c6 2. d4 d5 3. e5 Bf5 4. Bd3 Bxd3 5. Qxd3 e6 6. Nf3 Nd7 7. O-O c5 8. c3
cxd4 9. cxd4 Ne7 10. Bg5 h6 11. Bd2 Qb6 12. Nc3 Nc6 13. Na4 Qd8 14. h3 Be7 15.
Nh2 Qc7 16. Rac1 Ndxe5 17. dxe5 Qxe5 18. Nf3 Qe4 19. Qxe4 dxe4 20. Ne1 O-O 21.
Nc5 Nd4 22. Nxe4 Ne2+ 23. Kh1 Nxc1 24. Bxc1 Rac8 25. Nf3 Rfd8 26. Be3 b6 27.
Bd4 Rc4 28. Nc3 Rcxd4 29. Nxd4 Rxd4 30. Rd1 Rxd1+ 31. Nxd1 Bf6 32. Kg1 Bd4 33.
Kf1 f6 34. Ke2 e5 35. Kd3 Kf7 36. Ke4 Ke6 37. g4 g5 38. a4 a5 1/2-1/2

[Event "60. BEM 2006"]
[Site "Dortmund"]
[Date "2006.03.23"]
[Round "9.25"]
[White "Wilms, Christoph"]
[Black "Pachura, Karl-Heinz"]
[Result "1-0"]
[WhiteElo "1526"]
[BlackElo "1309"]
[PlyCount "97"]
[EventDate "2006.??.??"]
[Source "SG Dortmund"]
[SourceDate "2004.12.16"]

1. d4 d5 2. c4 Nf6 3. Nc3 e6 4. Bg5 c6 5. cxd5 cxd5 6. Nf3 Nbd7 7. e3 Be7 8.
Bd3 Ng8 9. Bf4 a6 10. Rc1 h6 11. O-O Bg5 12. Nxg5 hxg5 13. Bg3 Ndf6 14. Be2 Ne7
15. Na4 Nc6 16. Bd3 g6 17. Qb3 Nh5 18. a3 Nxg3 19. fxg3 O-O 20. Rf2 Qe7 21.
Rcf1 f5 22. Qc2 Bd7 23. b4 b5 24. Nc5 Nd8 25. e4 Bc8 26. exd5 exd5 27. g4 Qg7
28. gxf5 gxf5 29. Bxf5 Rxf5 30. Rxf5 Qxd4+ 31. R5f2 Kg7 32. Qd2 Qxd2 33. Rxd2
Ra7 34. Rxd5 Ne6 35. Nxe6+ Bxe6 36. Rxg5+ Kh6 37. Rg3 Kh5 38. Rf8 Rh7 39. Ra8
Bg4 40. Rxa6 Rd7 41. Ra8 Rd1+ 42. Kf2 Rd2+ 43. Ke3 Rc2 44. Rh8+ Kg5 45. Rg8+
Kf5 46. R8xg4 Rc3+ 47. Kd4 Rc4+ 48. Kd5 Rxg4 49. Rxg4 1-0

[Event "60. BEM 2006"]
[Site "Dortmund"]
[Date "2006.03.23"]
[Round "9.26"]
[White "Rutmann, Ulrich"]
[Black "Schaefer, Ulrich"]
[Result "1/2-1/2"]
[WhiteElo "1393"]
[BlackElo "1412"]
[PlyCount "47"]
[EventDate "2006.??.??"]
[Source "SG Dortmund"]
[SourceDate "2004.12.16"]

1. e4 e5 2. Nf3 Nf6 3. Nc3 Nc6 4. d3 d5 5. exd5 Nxd5 6. Bd2 Bg4 7. Be2 Qd7 8.
O-O Bc5 9. Re1 f6 10. Ne4 Bb6 11. Nc3 Nxc3 12. Bxc3 O-O-O 13. Nd2 h5 14. Nc4
Bd4 15. Qd2 Qf5 16. Bxd4 Nxd4 17. f3 Nxf3+ 18. gxf3 Bh3 19. Kh1 Rd4 20. Rg1 Qd7
21. Bf1 Bxf1 22. Raxf1 Rxc4 23. Qe3 Qd4 24. Qxd4 1/2-1/2

[Event "60. BEM 2006"]
[Site "Dortmund"]
[Date "2006.03.23"]
[Round "9.29"]
[White "Fahle, Karl-Wilhelm"]
[Black "Bötzel, Sascha"]
[Result "0-1"]
[WhiteElo "1185"]
[BlackElo "1300"]
[PlyCount "51"]
[EventDate "2006.??.??"]
[Source "SG Dortmund"]
[SourceDate "2004.12.16"]

1. e4 c5 2. Nf3 d6 3. c3 Nf6 4. Be2 Nc6 5. d4 e6 6. Qc2 Be7 7. Be3 O-O 8. Nbd2
cxd4 9. Nxd4 Nxd4 10. Bxd4 e5 11. Be3 Be6 12. h3 d5 13. O-O dxe4 14. Nxe4 Bf5
15. Bd3 Kh8 16. Rad1 Qc7 17. Ng3 Bxd3 18. Qxd3 Rad8 19. Qf5 Rxd1 20. Rxd1 Rd8
21. Rxd8+ Bxd8 22. Ne4 g6 23. Qf3 Nxe4 24. Qxe4 f5 25. Qb4 Be7 26. Qh4 0-1

[Event "60. BEM 2006"]
[Site "Dortmund"]
[Date "2006.03.23"]
[Round "9.31"]
[White "Hast, Stefan"]
[Black "Sroka, Andreas"]
[Result "0-1"]
[WhiteElo "1169"]
[BlackElo "1342"]
[PlyCount "80"]
[EventDate "2006.??.??"]
[Source "SG Dortmund"]
[SourceDate "2004.12.16"]

1. e4 c5 2. Nf3 e6 3. Bc4 Nc6 4. Nc3 a6 5. d3 b5 6. Bb3 Bb7 7. a3 g6 8. Ne2 Bg7
9. c3 Nge7 10. Bg5 O-O 11. O-O d5 12. exd5 exd5 13. Rb1 Qd7 14. Bxe7 Nxe7 15.
Nd2 d4 16. cxd4 cxd4 17. Nxd4 Qxd4 18. Nf3 Qg4 19. Re1 Bxf3 20. Qxf3 Qxf3 21.
gxf3 Nf5 22. Rbd1 Nd4 23. Bd5 Rad8 24. Re5 Rfe8 25. Rxe8+ Rxe8 26. Kf1 Re5 27.
Be4 g5 28. Kg2 f5 29. Bb7 a5 30. Kf1 Kf7 31. Re1 Rxe1+ 32. Kxe1 Ke6 33. Kf1 Ke5
34. Kg2 h5 35. h4 gxh4 36. Kh3 Kf4 37. Kxh4 Nxf3+ 38. Bxf3 Kxf3 39. Kxh5 a4 40.
b4 axb3 0-1

[Event "60. BEM 2006"]
[Site "Dortmund"]
[Date "2006.03.23"]
[Round "9.32"]
[White "Sölbrandt, Robin"]
[Black "Hansen, Jochen"]
[Result "1-0"]
[WhiteElo "1336"]
[BlackElo "1232"]
[PlyCount "89"]
[EventDate "2006.??.??"]
[Source "SG Dortmund"]
[SourceDate "2004.12.16"]

1. e4 c5 2. Nf3 d6 3. d4 cxd4 4. Nxd4 Nf6 5. Nc3 a6 6. Be3 e5 7. Nf3 Bg4 8. h3
Bh5 9. Be2 Be7 10. O-O O-O 11. Bg5 Nbd7 12. Bxf6 Nxf6 13. Nd5 Nxe4 14. Qd3 Bg6
15. Nxe7+ Qxe7 16. Qd5 Rac8 17. c3 Nf6 18. Qd2 Ne4 19. Qe3 d5 20. Rad1 Rfd8 21.
Bd3 h6 22. Nh2 Qc5 23. Qxc5 Rxc5 24. Ng4 Bh5 25. Bxe4 Bxg4 26. hxg4 b6 27. Rfe1
g6 28. Bd3 e4 29. Bxe4 Re8 30. Bd3 Rxe1+ 31. Rxe1 Ra5 32. a3 Ra4 33. f3 b5 34.
Re8+ Kg7 35. Rd8 d4 36. Rxd4 Rxd4 37. cxd4 Kf6 38. Kf2 Ke6 39. Ke3 g5 40. Ke4
f6 41. b4 Kd6 42. d5 Ke7 43. Kf5 Kd6 44. Be4 Ke7 45. Kg6 1-0

[Event "60. BEM 2006"]
[Site "Dortmund"]
[Date "2006.03.23"]
[Round "9.34"]
[White "Müller, Michaela"]
[Black "Dedeck, Sylvia"]
[Result "0-1"]
[WhiteElo "1098"]
[BlackElo "984"]
[PlyCount "60"]
[EventDate "2006.??.??"]
[Source "SG Dortmund"]
[SourceDate "2004.12.16"]

1. d4 d5 2. e4 dxe4 3. Nc3 Nf6 4. f3 exf3 5. Nxf3 g6 6. Bc4 Bg7 7. Ne5 O-O 8.
O-O e6 9. Be3 Nbd7 10. Qf3 c6 11. Bg5 Qb6 12. Nxd7 Qxd4+ 13. Qf2 Qxf2+ 14. Rxf2
Nxd7 15. Rb1 Bd4 16. Rbf1 Bxf2+ 17. Rxf2 f6 18. Bxe6+ Kg7 19. Bh4 Nc5 20. Bc4
Bf5 21. Bb3 Nxb3 22. axb3 Rad8 23. h3 b5 24. b4 Rd4 25. g4 Be4 26. Nxe4 Rxe4
27. c3 Re3 28. Kg2 g5 29. Bg3 Rd8 30. h4 Rdd3 0-1

[Event "59. BEM 2005"]
[Site "Dortmund"]
[Date "2005.02.28"]
[Round "1"]
[White "Kolodziej, Dennis"]
[Black "Henrichs, Thomas"]
[Result "0-1"]
[WhiteElo "1644"]
[BlackElo "2394"]
[PlyCount "42"]
[EventDate "2005.??.??"]
[Source "SG Dortmund"]
[SourceDate "2004.12.16"]

1. c4 e5 2. Nc3 Bb4 3. d3 Bxc3+ 4. bxc3 Nc6 5. e4 d6 6. g3 Nge7 7. Bg2 O-O 8.
Ne2 f5 9. exf5 Bxf5 10. O-O Qd7 11. f4 Bh3 12. Be3 Bxg2 13. Kxg2 Nf5 14. Bf2
Rae8 15. c5 Kh8 16. cxd6 Qxd6 17. Qc2 exf4 18. Nxf4 Ne5 19. Rae1 Qc6+ 20. Kh3
g5 21. a3 g4# 0-1

[Event "59. BEM 2005"]
[Site "Dortmund"]
[Date "2005.02.28"]
[Round "1"]
[White "Eismont, Igor"]
[Black "Flierdl, Lothar"]
[Result "1-0"]
[WhiteElo "2174"]
[BlackElo "1634"]
[PlyCount "119"]
[EventDate "2005.??.??"]
[Source "SG Dortmund"]
[SourceDate "2004.12.16"]

1. d4 Nf6 2. c4 e6 3. Nc3 d5 4. Bg5 Be7 5. e3 Nbd7 6. Nf3 c6 7. Qc2 h6 8. Bh4
O-O 9. a3 dxc4 10. Bxc4 b5 11. Bd3 Bb7 12. O-O a6 13. Rfd1 Rc8 14. Rac1 c5 15.
dxc5 Rxc5 16. b4 Bxf3 17. gxf3 Rc8 18. Qb3 Nh5 19. Bg3 Nxg3 20. hxg3 Rc7 21. f4
Qc8 22. Ne2 Bf6 23. a4 Rxc1 24. Rxc1 Qb7 25. axb5 axb5 26. Qc2 Rb8 27. Be4 Qb6
28. Qc7 Nf8 29. Nd4 Bxd4 30. exd4 Qxc7 31. Rxc7 Rd8 32. Bc6 Rxd4 33. Bxb5 Rxb4
34. Be8 Rb8 35. Bxf7+ Kh8 36. Re7 Rd8 37. Bh5 g6 38. Bg4 Rd6 39. Kg2 Kg8 40.
Kf3 Rd4 41. Ke3 Rb4 42. Be2 Ra4 43. Bd3 Rb4 44. Rc7 g5 45. fxg5 hxg5 46. Rc5 g4
47. Rc7 Ra4 48. Bc4 Kh8 49. Kf4 Ng6+ 50. Kg5 Nf8 51. Kxg4 Kg8 52. f4 Rb4 53.
Kg5 Kh8 54. Kf6 Rb6 55. Kf7 Rb8 56. Bxe6 Nxe6 57. Kxe6 Rg8 58. Rc3 Kg7 59. g4
Re8+ 60. Kf5 1-0

[Event "59. BEM 2005"]
[Site "Dortmund"]
[Date "2005.02.28"]
[Round "1"]
[White "Noori, Mir Ahmad"]
[Black "Kartsev, Soel"]
[Result "0-1"]
[WhiteElo "1627"]
[BlackElo "2158"]
[PlyCount "64"]
[EventDate "2005.??.??"]
[Source "SG Dortmund"]
[SourceDate "2004.12.16"]

1. d4 Nf6 2. e3 c5 3. c3 b6 4. Nf3 e6 5. g3 Bb7 6. Bg2 g5 7. Nbd2 h5 8. Qe2 Qc7
9. b3 h4 10. Bb2 h3 11. Bf1 g4 12. Ne5 Bxh1 13. Nxg4 Nxg4 14. Qxg4 Bg2 15.
O-O-O Bxf1 16. Rxf1 Nc6 17. Kb1 O-O-O 18. dxc5 Bxc5 19. c4 Qd6 20. Qe2 e5 21.
Rd1 Qe7 22. Qg4 f5 23. Qe2 Kb7 24. Ka1 d5 25. Rc1 d4 26. exd4 Bxd4 27. Nf3
Bxb2+ 28. Kxb2 e4 29. Nh4 Rd3 30. Kb1 Qf6 31. f3 Nd4 32. Qf1 Nxb3 0-1

[Event "59. BEM 2005"]
[Site "Dortmund"]
[Date "2005.02.28"]
[Round "1"]
[White "Tkachuk, Sergiy"]
[Black "Orlowski, Wilfried"]
[Result "1-0"]
[WhiteElo "2128"]
[BlackElo "1611"]
[PlyCount "59"]
[EventDate "2005.??.??"]
[Source "SG Dortmund"]
[SourceDate "2004.12.16"]

1. e4 c5 2. Nf3 d6 3. d4 cxd4 4. Nxd4 Nf6 5. Nc3 a6 6. Bc4 e6 7. Bb3 b5 8. f3
Be7 9. Be3 O-O 10. Qd2 Ne8 11. O-O-O Bf6 12. g4 Bxd4 13. Bxd4 Nc6 14. Be3 Ne5
15. Qe2 Qc7 16. Bf4 Ng6 17. Bg3 Bb7 18. h4 b4 19. Na4 Bc6 20. Qe3 Rb8 21. h5
Ne5 22. Bxe5 dxe5 23. g5 Rb5 24. g6 h6 25. Rhg1 Nf6 26. gxf7+ Kxf7 27. Nc5 Re8
28. Bc4 Ra5 29. Bxe6+ Rxe6 30. Rxg7+ 1-0

[Event "59. BEM 2005"]
[Site "Dortmund"]
[Date "2005.02.28"]
[Round "1"]
[White "Rzoczek, Christoph"]
[Black "Gorval, Evgueni"]
[Result "0-1"]
[WhiteElo "1607"]
[BlackElo "2121"]
[PlyCount "42"]
[EventDate "2005.??.??"]
[Source "SG Dortmund"]
[SourceDate "2004.12.16"]

1. d4 Nf6 2. Nf3 g6 3. Nbd2 Bg7 4. e4 d6 5. Be2 Nc6 6. O-O O-O 7. c3 e5 8. d5
Ne7 9. Qc2 Nh5 10. Nc4 f5 11. Ng5 Nf6 12. Ne6 Bxe6 13. dxe6 Nxe4 14. Na5 c6 15.
Nb3 Qc8 16. f3 Nf6 17. f4 Qxe6 18. Bc4 Qxc4 19. fxe5 dxe5 20. Na5 Qc5+ 21. Kh1
Qxa5 0-1